1627 1507 1290 1534 1921 1395 1579 1303 1657 1707 1677 1869 1273 1182 1393 1499 1522 1165 1058 1771 1033 1222 1857 1232 1627 1075 1852 1406 1248 1665 1549 1661 1170 1885 1526 1207 1821 1172 1955 1190 1343 1886 1209 1320 1880 1098 1149 1500 1586 1548 1039 1671 1183 1537 1247 1720 1994 1785 1897 1661 1089 1205 1518 1558 1090 1216 1861 1991 1730 1182 1256 1567 1507 1453 1457 1180 1872 1786 1092 1494 1449 1313 1598 1353 1832 1305 1437 1337 1224 1349 1903 1227 1916 1165 1356 1190 1370 1113 1808 BCNSPRNW ULIB Ver.6.0+V

เปลี่ยนเป็นภาษาไทย

Change to English
 แสดงรายละเอียดบรรณานุกรม
  กลับหน้าหลัก

Brief Record : Get Marc (ISO 2709) : E-mail record : QR code < ปิดหน้าต่าง
LEADER : 00000nam 2200000uu 4500
001    13399120717
003     ULIB
008    121005s2550||||th 000 0 tha d
020    ^a9789743415029
050  4 ^aBF637^bว522ว
100 0  ^aวิจิตรวาทการ,^cพลตรี หลวง
245 10 ^aวิชชาแปดประการ /^cโดย พลตรี หลวงวิจิตรวาทการ
250    ^aพิมพ์ครั้งที่ 4
260    ^aกรุงเทพฯ :^bสร้างสรรค์บุ๊คส์,^c2550
300    ^a(25), 126 หน้า :^bภาพประกอบ ;^c20 ซม.
650  7 ^aพุทธศาสนา
650  7 ^aพุทธศาสนากับจิตวิทยา
945    ^p115^l0^i16609
995    ^aทศพร
999    ^aทศพร เกษรทอง
รายการนี้ยังไม่มีแท็ก
คุณยังไม่ได้ล็อกอิน คุณสามารถมีกิจกรรมร่วมกับเว็บไซต์ได้ แต่ต้องล็อกอินก่อน ::
  ล็อกอิน

รายการสื่อสารสนเทศ

ลำดับที่ ประเภท เลขเรียก/บาร์โค้ด สถานที่ สถานะ
1. วิทยาศาสตร์การแพทย์ และสุขภาพ
วิทยาศาสตร์การแพทย์ และสุขภาพ
BF637 ว522ว ฉ.1 
  Barcode: 16609
ห้องสมุดวิทยาเขตสวรรค์ประชารักษ์
►หนังสือทั่วไป
บนชั้น

รายการใกล้เคียง
    หัวเรื่อง [พุทธศาสนา]
    หัวเรื่อง [พุทธศาสนากับจิตวิทยา]

BibComment


ยังไม่เคยถูกคอมเมนท์

คอมเมนท์ทรัพยากรรายการนี้
  คอมเมนท์: วิชชาแปดประการ ..


 Copyright 2026. Bcnsprnw @Library